000 00616cab a2200217 4500
001 ABS56043
008 090401t1996 xxu||||| |||| 00| 0 eng d
035 _a(Sirsi) u20649
041 _aeng
100 _aBroad, M.
245 _aSwing into action
260 _c1996
350 _a0
490 _aProperty Week
_v56(13) 27 September 1996, 28-29(2)
520 _aLooks at the new trend in golf courts which are approximately one-tenth the size of a normal 18-hole golf course.
650 _aGOLF COURSES
650 _aGOLF COURTS
690 _aLEISURE AND RECREATION
942 _n0
948 _c04/03/1997
999 _c13832
_d13832